000 00521cam a2200205 4500
001 J64
008 090401t1991 xxu||||| |||| 00| 0 eng d
035 _a(Sirsi) u37939
041 _aeng
050 _a332.6324
110 _aBaring Houston and Saunders
_9177
245 _aProperty futures: a special paper.
260 _aLondon
_bBaring Houston and Saunders
_c1991
300 _a8p. ; 30cm.
350 _a0
650 _aLONDON FOX
690 _aPROPERTY-COMMERCIAL PROPERTY
942 _n0
948 _c04/03/1997
999 _c90579
_d90579